000
00201 a2200097 4500
020
_a
9780983321507
041
_a
spa
100
_a
Wendy Abarca
245
_a
Los Animales son unicos como tu
942
_c
BK
999
_c
28727
_d
28727